| 000 | 00543nam a2200157 a 4500 | ||
|---|---|---|---|
| 001 | 000032628 | ||
| 005 | 20200930065738.0 | ||
| 008 | 110719s19-- dr 000 0 spa d | ||
| 040 |
_aDO-SdBNP _bspa _cBNPHU |
||
| 082 |
_axxxx _bA174m |
||
| 100 | 1 |
_aAcevedo de Ogando, Mercedes _958524 |
|
| 245 | 1 | 3 |
_aLa mujer cristiana y el pedicure : _bconsejos prácticos para limpiar nuestros pies a la luz de la palabra de Dios / _cMercedes Acevedo de Ogando. |
| 260 |
_a[Santo Domingo] : _b[s. n.], _c[20--?]. |
||
| 300 |
_a24 p. ; _c22 cm. |
||
| 049 | _aBNPD | ||
| 999 |
_c32119 _d32119 |
||